000 00364nam a2200145Ia 4500
008 151213s9999 xx 000 0 und d
100 _aBaril Willey
245 _aNineteenth Century Studies
_cBaril Willey
260 _aAnstralia
_bPengain Books
_c1964
300 _a2136 p.
650 _aEnglish
650 _aEnglish
700 _aBaril Willey
999 _c1572
_d1572